| 000 | 01056nam a22003137a 4500 | ||
|---|---|---|---|
| 003 | CHAP | ||
| 005 | 20220329134855.0 | ||
| 008 | 971013s1966 r 00010 d | ||
| 010 | _a27279 | ||
| 011 | _a28251 | ||
| 035 | _a32354 | ||
| 040 | _cCHAP | ||
| 090 | _aFolleto 865 | ||
| 100 | 0 | 0 |
_aKellogg, Charles E. _962942 |
| 245 | _aInterpretación de suelo en el estudio edafológico | ||
| 260 |
_a(Caracas : _bMinisterio de Obras Públicas. División de Edafología), _c(1966) |
||
| 300 | _a77 p. | ||
| 590 |
_aBATCH-UPD _b10 _c20130110 _lUCH01 _h2022 |
||
| 590 |
_aBATCH-UPD _b10 _c20130410 _lUCH01 _h1340 |
||
| 590 |
_aBATCH-UPD _b10 _c20130914 _lUCH01 _h1944 |
||
| 590 |
_aCONVERSION _b10 _c20130109 _lUCH01 _h1316 |
||
| 650 | 1 | 4 |
_aSuelos _xClasificación. _9110239 |
| 901 | _aBK | ||
| 942 | _cFOLL | ||
| 949 |
_aFolleto 865 _bBC _cFOLL _d-75125 _eTS1 _i32354 _si |
||
| 949 |
_aFolleto 865 _bBC _cFOLL _d-75126 _eTS2 _fc.2 _i32354 _si |
||
| 949 |
_aFolleto 865 _bBC _cFOLL _d-75127 _eTS2 _fc.3 _i32354 _si |
||
| 949 |
_aFolleto 865 _bBC _cFOLL _d-75128 _eTS2 _fc.4 _i32354 _si |
||
| 999 |
_c27279 _d27279 |
||